000 00320nam a22001337a 4500
008 170712b xxu||||| |||| 00| 0 eng d
020 _a9780674372993
041 _aeng
080 _a038
100 _a23
101 _aFJA
245 _aTHE HARVARD BIOGRAPHICAL DICTIONARY OF MUSIC
_cBANDEL.M
942 _2udc
_cBK
999 _c20367
_d20367